Първомай (Запис номер 388296)
[ съкратено ]
| 000 -Лидер | |
|---|---|
| Контролно поле с фиксирана дължина | nkm a22 a 4500 |
| 003 - Код на организацията, давaща контролен номер | |
| Контролно поле | BLK |
| 005 - Дата и час на последна редакция | |
| Контролно поле | 20221020142705.0 |
| 008 - Елементи от данни с фиксирана дължина | |
| fixed length control field | 200924b bu ||||| |||| 00| 0 bu d |
| 040 ## - Източник на каталожния запис | |
| Идентификатор на билиотеката - собственик на записа | BLK |
| 041 ## - Код за език | |
| Код за езика на текст/звукозапис или на отделно заглавие | Български |
| Код за езика КДБФ | Български |
| 080 ## - УДК | |
| Текстов определител УДК | Краезнание |
| УДК код - определител по УДК | 908 |
| УДК определител | (497.23-31) |
| УДК - код + определител | 908(497.23-31) |
| 100 ## - Редна дума - Автор | |
| Автор | Даскалова, Ганка |
| Авторска отговорност | състав. |
| R(LIN) | 1478 |
| 139 ## - Редно поле | |
| Редна дума | Първомай |
| Авторски знак | Пър - П 97 |
| 245 10 - Сведения за заглавието | |
| Заглавие | Първомай |
| Редно поле (дума) | текст, състав. Ганка Даскалова ; ред. Мария Гумнерова ; фотогр.-худож. Недко Недев ; прев. Л. Станева |
| Подзаглавни данни | [Изобразителен материал] |
| 257 ## - Страна на издаване | |
| Страна на създаване/издаване | България |
| 260 ## - Област на издателските данни | |
| Име на издателя, разпространителя и проч. | Септември |
| Година на издаване | 1989 |
| 9 (RLIN) | 210539 |
| Място на издаване, разпространение и проч. | София |
| Издателство - префикс ISBN | 954-406- |
| 300 ## - Физическа характеристика | |
| Страници | 1 албум (96 с.) |
| Илюстрации и др. | с цв. ил. |
| Размери/Мащаб | 19 x 21 см |
| 380 ## - Жанр | |
| Жанр | История |
| 501 ## - Забележка „подвързано към” | |
| Забележка: Подвързано към... | Парал. текст и на рус. ез. / прев. Т. Атанасова<br/>5 114 тир. |
| 650 #4 - Допълнително описание по предмет – тема | |
| Основно описание – тема или топоним | Градове - България |
| 9 (RLIN) | 243112 |
| 650 #4 - Допълнително описание по предмет – тема | |
| Основно описание – тема или топоним | Краезнание - България |
| 9 (RLIN) | 242494 |
| 651 #0 - Допълнително описание по предмет - топоним | |
| 9 (RLIN) | 434015 |
| Географско понятие | Първомай |
| 653 ## - Ключова дума – ненормативна | |
| Ключова дума | Първомай |
| 653 ## - Ключова дума – ненормативна | |
| Ключова дума | краезнание |
| 653 ## - Ключова дума – ненормативна | |
| Ключова дума | история |
| 700 ## - Други автори (авторска отговорност) | |
| 9 (RLIN) | 1478 |
| Лично име | Даскалова, Ганка |
| Автороска отговорност (Описва отношението между автора и произведението) | състав. |
| 700 ## - Други автори (авторска отговорност) | |
| 9 (RLIN) | 1311 |
| Лично име | Гумнерова, Мария |
| Автороска отговорност (Описва отношението между автора и произведението) | ред. |
| 700 ## - Други автори (авторска отговорност) | |
| 9 (RLIN) | 1631 |
| Лично име | Недев, Недко |
| Автороска отговорност (Описва отношението между автора и произведението) | фотогр. |
| 700 ## - Други автори (авторска отговорност) | |
| 9 (RLIN) | 966 |
| Лично име | Станева, Людмила |
| Автороска отговорност (Описва отношението между автора и произведението) | прев. |
| 852 ## - Местоположение | |
| Форматна сигнатура | Цб І 39927 |
| Фондова буква | Хранилище |
| 856 4# - Електронен адрес и достъп | |
| Електронен формат | pdf - файл |
| Инструкция (цена за достъп) | 0.00 |
| Права за достъп | disable |
| 856 4# - Електронен адрес и достъп | |
| Електронен формат | pdf - файл |
| Инструкция (цена за достъп) | 0.00 |
| Права за достъп | disable |
| 999 ## - СИСТЕМНИ КОНТРОЛНИ НОМЕРА | |
| Koha biblionumber | 388296 |
| Koha biblioitemnumber | 388296 |
| 942 ## - АРТИКУЛИ | |
| Вид на библиотечния материал | Книги |
| Скрит в OPAC | Не |
| Периодичен библиозапис | Да |
| 944 ## - СЪЗДАВАНЕ И РЕДАКЦИЯ на ЗАПИСА | |
| Създаване/Редакция | Създаване |
| Дата на регистрацията/редакция | 2020-09-24 |
| Служител, извършил регистрацията/редакцията | К.Д. |
| 999 ## - СИСТЕМНИ КОНТРОЛНИ НОМЕРА | |
| Koha biblioitemnumber | 388296 |
| Код за отписване | Код за изгубен артикул | Източник на класификационната схема | Код за повреда | Коз за рестрикции | Код за отдаване | Артикулен № | Име на библиотеката - собственик | Име на библиотеката, в която се намира в момента | Статус (Текущо местоположение) | Дата на вписване в системата | Местоположение - отдел | Цена в лева | Инвентарен номер | Систематично азбучна сигнатура | Баркод | Цена в евро | Служебен тип на артикула |
|---|---|---|---|---|---|---|---|---|---|---|---|---|---|---|---|---|---|
| Не е изгубен | Universal Decimal Classification | Не е повреден | само за читалня | ползва се в читалня | 801177 | Регионална библиотека "Любен Каравелов" Русе | Регионална библиотека "Любен Каравелов" Русе | Хранилище | 2020-09-28 | Хранилище | 2.67 | 519453 | Цб І 39927 | 120000519453 | 1.37 | Книги |